People's countries of birth, by the flag of the time - Statistics

General Stats
  • This quiz has been taken 46 times
  • The average score is 5 of 10
Answer Stats
Question Answer % Correct
Lionel Messi
92%
Serena Williams
85%
Harry Houdini
62%
Nelson Mandela
49%
Beethoven
44%
William Shatner
41%
Jane Austen
38%
Adolf Hitler
38%
Joseph Stalin
28%
Freddie Mercury
18%
No matching quizzes found
Score Distribution
Percent of People with Each Score
Percentile by Number Answered
Your Score History
You have not taken this quiz